Lines and Electromagnetic Fields for Engineers (0 19 510409 9)

保存先:
書誌詳細
第一著者: GAYLE F MINER
フォーマット: 図書
言語:Undetermined
出版事項: Oxford 1996
タグ: タグ追加
タグなし, このレコードへの初めてのタグを付けませんか!
Thư viện lưu trữ: Trung tâm Học liệu Trường Đại học Cần Thơ
LEADER 00410nam a2200145Ia 4500
001 CTU_49577
008 210402s9999 xx 000 0 und d
082 |a 621.3 
082 |b M664 
100 |a GAYLE F MINER 
245 0 |a Lines and Electromagnetic Fields for Engineers (0 19 510409 9) 
245 0 |c GAYLE F MINER 
260 |b Oxford 
260 |c 1996 
980 |a Trung tâm Học liệu Trường Đại học Cần Thơ